000 00235nam a2200097Ia 4500
008 190216s9999||||xx |||||||||||||| ||und||
100 _aRamakrishnan Nair R
245 0 _aPoly Technic Boudikam
260 _bKerala Basha Inst
942 _cBK
999 _c40249
_d40249